Central Library OPAC University of Rajshahi

ঈশ্বচন্দ্র বিদ্যাসাগর ও ঊনিশ শতকের বাঙালী সমাজ / (Record no. 86072)

MARC details
000 -LEADER
fixed length control field 00774nam a2200181 a 4500
003 - CONTROL NUMBER IDENTIFIER
control field BD-RjUL
005 - DATE AND TIME OF LATEST TRANSACTION
control field 20260107151400.0
008 - FIXED-LENGTH DATA ELEMENTS--GENERAL INFORMATION
fixed length control field 260107b |||||||| |||| 00| 0 eng d
040 ## - CATALOGING SOURCE
Original cataloging agency BD-RjUL
Language of cataloging ben
Transcribing agency BD-RjUL
082 ## - DEWEY DECIMAL CLASSIFICATION NUMBER
Edition number 23
Classification number 891.4409
100 ## - MAIN ENTRY--PERSONAL NAME
Personal name উমর, বদরুদ্দীন
245 ## - TITLE STATEMENT
Title ঈশ্বচন্দ্র বিদ্যাসাগর ও ঊনিশ শতকের বাঙালী সমাজ /
Remainder of title বদরুদ্দীন উমর
260 ## - PUBLICATION, DISTRIBUTION, ETC.
Place of publication, distribution, etc. ঢাকা
Name of publisher, distributor, etc. সুবর্ন প্রকাশ
Date of publication, distribution, etc. ২০১৬
300 ## - PHYSICAL DESCRIPTION
Other physical details ১২৮প্ৃ
Size of unit ২১সেমি
500 ## - GENERAL NOTE
General note তথ্যনির্দেশিকা সংযুক্ত
650 ## - SUBJECT ADDED ENTRY--TOPICAL TERM
Topical term or geographic name entry element Bengali literature
Form subdivision History and criticism
942 ## - ADDED ENTRY ELEMENTS (KOHA)
Source of classification or shelving scheme Dewey Decimal Classification
Koha item type Books
Edition ২৩
Suppress in OPAC No

No items available.